मेरी कहानी: (Record no. 1467006)

MARC details
000 -LEADER
fixed length control field 00955 a2200217 4500
005 - DATE AND TIME OF LATEST TRANSACTION
control field 20260402163541.0
008 - FIXED-LENGTH DATA ELEMENTS--GENERAL INFORMATION
fixed length control field 260402b |||||||| |||| 00| 0 eng d
020 ## - INTERNATIONAL STANDARD BOOK NUMBER
International Standard Book Number 9789387187344 (hbk)
037 ## - SOURCE OF ACQUISITION
Terms of availability TB
040 ## - CATALOGING SOURCE
Original cataloging agency CRL
Transcribing agency CRL
041 ## - LANGUAGE CODE
Source of code hin
Language code of text/sound track or separate title hin
084 ## - COLON CLASSIFICATION NUMBER
Classification number V2y7M69 Q8
Assigning agency CRL
245 ## - TITLE STATEMENT
Title मेरी कहानी:
Remainder of title गाँधी की कहानी गाँधी की जुबानी
260 ## - PUBLICATION, DISTRIBUTION, ETC.
Place of publication, distribution, etc. नयी दिल्ली, भारत:
Name of publisher, distributor, etc. नयी किताब प्रकाशन,
Date of publication, distribution, etc. 2018.
300 ## - PHYSICAL DESCRIPTION
Extent 262पृ.
650 ## - SUBJECT ADDED ENTRY--TOPICAL TERM
Topical term or geographic name entry element महात्मा गाँधी
9 (RLIN) 1132600
650 ## - SUBJECT ADDED ENTRY--TOPICAL TERM
Topical term or geographic name entry element भारत इतिहास
700 ## - ADDED ENTRY--PERSONAL NAME
Personal name राय, मनोज कुमार
Relator term सम्पादक
9 (RLIN) 862114
942 ## - ADDED ENTRY ELEMENTS (KOHA)
Koha item type Textbook
Source of classification or shelving scheme Colon Classification (CC)
Classification part V2y7M69 Q8
Holdings
Withdrawn status Lost status Source of classification or shelving scheme Damaged status Not for loan Home library Current library Date acquired Source of acquisition Cost, normal purchase price Inventory number Total Checkouts Full call number Barcode Date last seen Cost, replacement price Price effective from Koha item type
    Colon Classification (CC)     Central Library Central Library 2026-01-30 95/ अनन्य प्रकाशन 476.00 AP-52 & 2026-01-14   V2y7M69 Q8 CL1925676 2026-01-30 595.00 2026-01-30 Textbook
Copyright @ Delhi University Library System